| 000 | 00870nam a2200241Ia 4500 | ||
|---|---|---|---|
| 005 | 20151014124203.0 | ||
| 008 | 130821s2012 enkd fr 1 eng | ||
| 040 |
_aCo-BoUCM _bspa _cLuz Cupitra _d[Nuevo] |
||
| 041 | 0 | 0 | _aeng |
| 100 | 1 |
_aLjungqvist, Lars _972294 |
|
| 245 | 1 | 0 |
_aRecursive macroeconomic theory _cLars Ljungqvist, Thomas J. Sargent |
| 250 | _a3rd ed | ||
| 260 |
_aCambridge (Inglaterra) _bMassachusetts Institute of Technology (MIT) _c2012 |
||
| 300 |
_axxxvi, 1320 páginas _bGráficos |
||
| 504 | _aIncluye referencias bibliográficas e índices | ||
| 650 | 0 | 4 |
_aEquilibrio social _914699 _aa |
| 650 | 0 | 4 |
_aFunciones recursivas _916208 |
| 650 | 0 | 4 |
_aMacroeconomía _918838 |
| 690 |
_942869 _aMacroeconomía |
||
| 700 | 1 |
_aSargent, Thomas J. _956743 |
|
| 942 |
_a7 _e3 _kR _mL789r _cLIBROREF _2DEWEY _h339.0151 |
||
| 999 |
_c41610 _d41610 |
||